00515nam a2200169 i 450000100060000000300090000600500170001500700030003200800410003510000130007624501170008925000120020626000420021830000350026070000280029585200220032362234ES-MaACL20230906164630.0t|031119s1922 sp ||||1| spa d1 aFeer, E.10aTratado de enfermedades de los niños / cbajo la dirección de E. Feer ; traducido por Francisco Tous Biaggi. a6ª ed. aBarcelona : bManuel Marín, c1922. aXVI, 868 p. : bil. ; c24 cm.1 aTous Biaggi, Francisco. aES-MaACLjB-11562